000 01266nam a2200325Ia 4500
001 ebr10326840
003 CaPaEBR
006 m u
007 cr cn|||||||||
008 010530s1999 enka sb 001 0 eng d
010 _z 2001269494
020 _z9780761963288
020 _z0761963286
020 _z0761963294 (pbk)
040 _aCaPaEBR
_cCaPaEBR
035 _a(OCoLC)464686303
050 1 4 _aLB1573.3
_b.R565 1999eb
100 1 _aRoberts, Geoffrey R.
245 1 0 _aLearning to teach reading
_h[electronic resource] /
_cGeoffrey R. Roberts.
250 _a2nd ed.
260 _aLondon :
_bPaul Chapman ;
_aThousand Oaks, CA :
_bSAGE Publications,
_c1999.
300 _a120 p. :
_bill.
504 _aIncludes bibliographical references (p. 109-112) and index.
533 _aElectronic reproduction.
_bPalo Alto, Calif. :
_cebrary,
_d2009.
_nAvailable via World Wide Web.
_nAccess may be limited to ebrary affiliated libraries.
650 0 _aReading (Elementary)
_zGreat Britain.
650 0 _aLanguage arts (Elementary)
_zGreat Britain.
655 7 _aElectronic books.
_2local
710 2 _aebrary, Inc.
856 4 0 _uhttp://site.ebrary.com/lib/rucke/Doc?id=10326840
_zAn electronic book accessible through the World Wide Web; click to view
999 _c159665
_d159665